000 003220000a22000970004500
100 1 _aSánchez Cetina, Edesio
245 1 0 _a¿Tendrán fe nuestros hijos? : Respuestas concretas para aliviar la crisis de las familias
300 _aVol. 54, Núm 239 (1999), Páginas 8-13
773 0 _tLa Biblia de las Américas
942 _cANA
999 _c51515
_d51515